Berkshire County, MA - Map Quiz - Statistics

General Stats
  • This quiz has been taken 248 times
  • The average score is 14 of 32
Answers on the Map
Answers color-coded by a green-red scale on the quiz's map according to % correct below.
 
Answer Stats
Answer % Correct
Williamstown
75%
Adams
70%
Florida
70%
Hancock
66%
North Adams
66%
Lee
61%
Clarksburg
57%
Pittsfield
57%
Cheshire
52%
Stockbridge
50%
Great Barrington
48%
Lanesborough
48%
Mount Washington
48%
West Stockbridge
48%
Lenox
45%
Dalton
43%
New Marlborough
43%
Savoy
43%
Richmond
39%
Egremont
36%
Hinsdale
36%
Alford
34%
New Ashford
34%
Sandisfield
34%
Sheffield
34%
Otis
32%
Peru
32%
Washington
32%
Tyringham
30%
Windsor
30%
Becket
27%
Monterey
27%
No matching quizzes found
Score Distribution
Percent of People with Each Score
Percentile by Number Answered
Your Score History
You have not taken this quiz